Recreación filosófica, ó, Diàlogo sobre filosofía natural para instruccion de personas curiosas que no han frecuentado las aulas / obra escrita en portugues por el P. D. Teodoro de Almeida... traducida al castellano

Detalles Bibliográficos
Autor principal: Almeida, Teodoro de (1722-1803)
Formato: Libro
Lenguaje:Undetermined
Spanish
Publicado: Madrid : imprenta del Diario, 1827.
Edición:Cuarta impresion
Materias:
Colección:Banco de datos
Acervo:Biblioteca Palafoxiana. Colección bibliográfica
Descripción Física:t. : il. ; 8°
Tema general:Filosofía
Notas:Incluye ilustraciones en grabado xilográfico. Número de localización: t.1 (25733 , 25741) ; t.2 (25736 , 25742) ; t.3 (25734) ; t.4 (25738 , 25743) ; t.6 (25739 , 25744) ; t.7 (25740 , 25745)
LEADER 00898nam a2200181Ia 4500
008 150723s9999 xx 000 0 und d
041 0 |a spa 
050 0 |a PAFX B105.U5 A5 1827 
100 1 |a Almeida, Teodoro de (1722-1803) 
245 1 0 |a Recreación filosófica, ó, Diàlogo sobre filosofía natural para instruccion de personas curiosas que no han frecuentado las aulas / obra escrita en portugues por el P. D. Teodoro de Almeida... traducida al castellano 
250 |a Cuarta impresion 
260 |a Madrid : imprenta del Diario, 1827. 
300 |a t. : il. ; 8° 
500 |a Incluye ilustraciones en grabado xilográfico. Número de localización: t.1 (25733 , 25741) ; t.2 (25736 , 25742) ; t.3 (25734) ; t.4 (25738 , 25743) ; t.6 (25739 , 25744) ; t.7 (25740 , 25745) 
650 1 0 |a Filosofía 
942 |c PALALIB 
943 |g Biblioteca Palafoxiana. Colección bibliográfica 
999 |c 1050161  |d 1050161